书目信息 |
| 题名: |
经济学原理学习指南
|
|
| 作者: | 加斯顿, 著 ;何潇 , 霍明 译 | |
| 分册: | = Foundations of economics study guide | |
| 出版信息: | 北京 中国人民大学出版社 2004.10 |
|
| 页数: | ||
| 开本: | 20cm | |
| 丛书名: | ||
| 单 册: | ||
| 中图分类: | F0 | |
| 科图分类: | ||
| 主题词: | 经济学 | |
| 电子资源: | ||
| ISBN: | 7-300-05745-4 | |
| 000 | 00891nam0 2200241 450 | |
| 001 | 0151566829 | |
| 005 | 20050906161752.78 | |
| 010 | @a7-300-05745-4@dCNY39.00 | |
| 100 | @a20050312d2004 km y0chiy0120 ea | |
| 101 | 1 | @achi@ceng |
| 102 | @aCN@b110000 | |
| 105 | @aa z 000yy | |
| 200 | 1 | @a经济学原理学习指南@Ajing ji xue yuan li xue xi zhi nan@e第二版@h= Foundations of economics study guide@f尼尔·加斯顿等著@Fni er·jia si dun deng zhu@g何潇, 霍明译@Ghe xiao,huo ming yi@zeng |
| 210 | @a北京@c中国人民大学出版社@d2004.10 | |
| 215 | @d20cm | |
| 330 | @a本书采用的实例和为数据均已更新。阐述现实生动、能反映当今世界面貌的内容。书中采用大量图表,使理论生动形象,便于理解。 | |
| 606 | 0 | @a经济学 |
| 690 | @aF0@v4 | |
| 701 | 1 | @a加斯顿,@Ajia si dun,@b尼尔@4著 |
| 702 | 0 | @a何潇@Ahe xiao@4译 |
| 702 | 0 | @a霍明@Ahuo ming@4译 |
| 801 | 0 | @aCN@bQSSK@c20050906 |
| 905 | @a10447@dF0@eJ210 | |
| 经济学原理学习指南:第二版.= Foundations of economics study guide/尼尔·加斯顿等著/何潇, 霍明译.-北京:中国人民大学出版社,2004.10 |
| 20cm |
| ISBN 7-300-05745-4:CNY39.00 |
| 本书采用的实例和为数据均已更新。阐述现实生动、能反映当今世界面貌的内容。书中采用大量图表,使理论生动形象,便于理解。 |
| ● |
| 相关链接 |
|
|
|
正题名:经济学原理学习指南
索取号:F0/J210
 
预约/预借
| 序号 | 登录号 | 条形码 | 馆藏地/架位号 | 状态 | 备注 |
| 1 | 561033 | 205610338 | 社科二线422/409社科库 61排1列5层/ [索取号:F0/J210] | 在馆 | |
| 2 | 561034 | 205610347 | 社科库409/422社科库 38排4列1层/ [索取号:F0/J210] | 在馆 | |
| 3 | 561035 | 205610356 | 社科库409/409社科库 61排1列5层/ [索取号:F0/J210] | 在馆 |